Central Library OPAC University of Rajshahi

Essential facts about the League of Nations. (Record no. 46047)

MARC details
000 -LEADER
fixed length control field 00758nam a2200241 a 4500
001 - CONTROL NUMBER
control field 46047
003 - CONTROL NUMBER IDENTIFIER
rucl marc code BD-RjUL
005 - DATE AND TIME OF LATEST TRANSACTION
control field 20211209054112.0
008 - FIXED-LENGTH DATA ELEMENTS--GENERAL INFORMATION
fixed length control field 900214d193319uusz uu i0 0eng d
035 ## - SYSTEM CONTROL NUMBER
System control number (BD-RjUL) 46165
040 ## - CATALOGING SOURCE
Original cataloging agency CL
Language of cataloging eng
Transcribing agency CL
Modifying agency BD-RjUL
-- ANL
041 ## - LANGUAGE CODE
Language code of text/sound track or separate title eng
082 ## - DEWEY DECIMAL CLASSIFICATION NUMBER
Edition number 23
Classification number 341.1
Author mark and year ESS 1938
110 2# - MAIN ENTRY--CORPORATE NAME
Corporate name or jurisdiction name as entry element League of Nations.
Subordinate unit Secretariat.
-- Information Section.
9 (RLIN) 140770
245 10 - TITLE STATEMENT
Title Essential facts about the League of Nations.
250 ## - EDITION STATEMENT
Edition statement 9th ed.
260 ## - PUBLICATION, DISTRIBUTION, ETC. (IMPRINT)
Place of publication, distribution, etc. Geneva :
Name of publisher, distributor, etc. Information Section,
Date of publication, distribution, etc. 1938
300 ## - PHYSICAL DESCRIPTION
Pagination 349p. :
Illustrations ill ;
Size 15 cm.
500 ## - GENERAL NOTE
General note 193 - contains "The covenant of the League of Nations."
610 20 - SUBJECT ADDED ENTRY--CORPORATE NAME
Corporate name or jurisdiction name as entry element League of Nations
710 22 - ADDED ENTRY--CORPORATE NAME
Corporate name or jurisdiction name as entry element League of Nations.
Title of a work Covenant.
9 (RLIN) 140763
942 ## - ADDED ENTRY ELEMENTS (KOHA)
Source of classification or shelving scheme Dewey Decimal Classification
Koha item type Books
Holdings
Lost status Source of classification or shelving scheme Damaged status Not for loan Collection code Permanent Location Current Location Shelving location Date acquired Source of acquisition Cost, normal purchase price Total Checkouts Full call number Date last seen Copy number Koha item type
  Dewey Decimal Classification     Non-fiction Central Library, University of Rajshahi Central Library, University of Rajshahi     N/A 0.00   341.1 ESS 1938 30/07/2016 C-2 Books